| 000 | 00697nam a2200217Ia 4500 | ||
|---|---|---|---|
| 005 | 20260121100309.0 | ||
| 008 | 210716s2002 xx 000 0 und d | ||
| 020 | _a0074638203 | ||
| 040 | _cAIMIT LIBRARY | ||
| 041 | _aeng | ||
| 082 |
_a657 _23 _bPORL |
||
| 100 |
_aPorwal, L S. _964598 |
||
| 245 |
_aAccounting theory : _bintroduction / _cBy L S Porwal. |
||
| 250 | _a3rd ed. | ||
| 260 |
_aNew Delhi : _bTata McGraw Hill Publishing Company Ltd , _c2002. |
||
| 300 |
_axxi,510p. ; _bPB _c22.5 cm. |
||
| 650 |
_aTheoretical framework _964599 |
||
| 650 |
_aThe structure of accounting theory _964600 |
||
| 650 |
_aMeasurement of assets and liabilities _964601 |
||
| 942 |
_2ddc _cBK _e3rd _k657 PORL |
||
| 999 |
_c185829 _d185829 |
||